India from Curzon to Nehru & after (Record no. 364389)

000 -LEADER
fixed length control field 00416cam a22001577a 4500
008 - FIXED-LENGTH DATA ELEMENTS--GENERAL INFORMATION
fixed length control field 180718b1969 xxu||||| |||| 00| 0 eng d
082 ## - DEWEY DECIMAL CLASSIFICATION NUMBER
Classification number A99 D934
100 ## - MAIN ENTRY--PERSONAL NAME
Personal name Durga, Das
245 ## - TITLE STATEMENT
Title India from Curzon to Nehru & after
Statement of responsibility, etc. by Das Durga
260 ## - PUBLICATION, DISTRIBUTION, ETC.
Place of publication, distribution, etc. London
Name of publisher, distributor, etc. Collins
Date of publication, distribution, etc. 1969
300 ## - PHYSICAL DESCRIPTION
Extent 487p.
500 ## - GENERAL NOTE
General note Rs.30.00
650 ## - SUBJECT ADDED ENTRY--TOPICAL TERM
Topical term or geographic name entry element India - History - 1909
650 ## - SUBJECT ADDED ENTRY--TOPICAL TERM
Topical term or geographic name entry element India - Politics
650 ## - SUBJECT ADDED ENTRY--TOPICAL TERM
Topical term or geographic name entry element Durga Das - 1900
Holdings
Withdrawn status Lost status Damaged status Not for loan Permanent Location Current Location Date acquired Full call number Barcode Date last seen Price effective from Koha item type
        Indian Institute of Public Administration Indian Institute of Public Administration 1994-04-07 A99 D934 43751 2018-07-21 2018-07-21 Book

Powered by Koha